| 000 | 01588cam a22002895a 4500 | ||
|---|---|---|---|
| 001 | 15836330 | ||
| 005 | 20150827103419.0 | ||
| 008 | 090722t2010 nyu fr 001 0 eng d | ||
| 020 | _a9780071623629 (pbk. : alk. paper) | ||
| 020 | _a0071623620 (pbk. : alk. paper) | ||
| 040 |
_aDNLM/DLC _cDLC _dYDX _dNLM _dYDXCP _dUKM _dQBX _dDLC _dEG-ScBUE _beng |
||
| 082 | 0 | 4 |
_a615.1 _bKEO _222 |
| 100 | 1 |
_aKeogh, James Edward, _d1948- _923969 |
|
| 245 | 1 | 0 |
_aSchaum's outlines : _bpharmacology / _cJames Keogh. |
| 246 | 3 | 0 | _aPharmacology |
| 260 |
_aNew York : _bMcGraw-Hill, _cc.2010. |
||
| 300 |
_ax, 358 p. ; _c28 cm. |
||
| 490 | 1 | _aSchaum's outline series | |
| 500 | _aIndex : p. 339-358. | ||
| 505 | 0 | _aWhat is pharmacology? -- Medication actions and interactions -- Pharmacology and the nursing process -- Substance abuse -- Principles of medication administration -- Route of administration -- Dose calculations -- Herbal therapy -- Vitamins and minerals -- Fluid and electrolyte therapy -- Nutritional support therapies -- Inflammation and anti-inflammatory medication -- Infection and antimicrobials -- Respiratory diseases and medication -- The neurologic system and medication -- Narcotic agonists -- Immunologic agents -- The gastrointestinal system -- Cardiac circulatory medications -- Skin disorders -- Endocrine medications -- Eye and ear disorders. | |
| 650 | 7 |
_aPharmacology _vOutlines, syllabi, etc. _2BUEsh _936102 |
|
| 651 | _2BUEsh | ||
| 653 |
_bPPhrm _cJune2015 _cAugust2015 |
||
| 655 |
_vreading book _934232 |
||
| 830 | 0 | _aSchaum's outline series. | |
| 942 |
_2ddc _k615.1 KEO |
||
| 999 |
_c20061 _d20033 |
||